000 02196nam0a22004211 4500
001 RU\NLR\bibl\1455751
005 20260405164234.0
010 _a978-5-9925-0429-3
_91000
021 _aRU
_b2009-90208
_95688
035 _a(NLR Aleph) 001447554
090 _a1502299
_c1502299
100 _a20091105d2009 |||y0rusy50 ca
101 0 _arus
_achi
102 _aRU
105 _ay |||||||||
200 1 _aСловарь древнекитайских иероглифов
_eс приложением словаря наиболее частотных омографов, встречающихся в древнекитайском тексте, составленного Е.Г. Ивановой
_f[сост.: В. В. Бортко и др.]
_gпод науч. ред.: Т. Н. Никитиной и В. П. Зайцева
210 _aСанкт-Петербург
_cКАРО
_d2009
215 _a341, [2] с.
_d26
300 _aЗагл. также на кит. яз.: 古代漢語字典
320 _aБиблиогр. в конце кн. (12 назв.)
320 _aУказатели: ключевой, указ. по числу черт / сост. В.П. Зайцев: с. 278-341
464 0 _12001#$aСловарь наиболее частотных омографов
_1702#1$aИванова$bЕ. Г.$4220
_tСловарь наиболее частотных омографов
510 1 _a古代漢語字典
_zchi
606 1 _aКитайский язык
_xИсторические словари
_xРусский язык
_92588070
_3RU\NLR\auth\661529597
686 _aШ171.11-400
_2rubbk
686 _aШ171.11-48
_2rubbk
686 _aШ171.1-400
702 1 _aБортко
_bВ. В.
_gВладимир Владимирович
_4220
702 1 _4340
_8rus
_7ca
_aНикитина
_bТ. Н.
_cд-р филол. наук, синолог
_f1929-2015
_gТамара Никифоровна
_3RU\NLR\AUTH\7770229
_953157
801 0 _aRU
_bРКП
_c20091105
_grcr
801 1 _aRU
_bРГБ
_c20091105
801 2 _aRU
_bNLR
_c20091221
_grcr
852 _aNLR
_bОЛСАА-кит.
_j4-2475
942 _cBOOK
980 _aNB
980 1 _aCHIN